[Event "DEM U18 2005"]
[Site "Willingen GER"]
[Date "2005.05.18"]
[Round "6"]
[White "Frübing, Stefan"]
[Black "Grimberg, Boris"]
[Result "1/2-1/2"]
[Termination "normal"]
[Board "3"]
[WhiteElo "2204"]
[BlackElo "2066"]
[PlyCount "157"]
[WhiteFideId "4682165"]
[BlackFideId "4697499"]
[EventCountry "GER"]
[EventRounds "9"]
[EventType "swiss"]
[EventDate "2005.05.15"]

1. e4 Nf6 2. e5 Nd5 3. d4 d6 4. Nf3 Bg4 5. Be2 e6 6. O-O a6 7. c4 Nb6 8. b3 Be7
9. Bb2 O-O 10. Nbd2 dxe5 11. Nxe5 Bxe2 12. Qxe2 c5 13. dxc5 Bxc5 14. Ne4 Be7
15. Rad1 Qc7 16. f4 Nc6 17. Kh1 Nxe5 18. fxe5 Rad8 19. Rxd8 Qxd8 20. Rd1 Qc7
21. h3 Rd8 22. Rf1 Nd7 23. Qf3 Rf8 24. Qh5 h6 25. Rf3 b6 26. h4 Qd8 27. Rf4 Nc5
28. Nf6+ Bxf6 29. exf6 Qd2 30. Rg4 Nd3 31. Bd4 Rd8 32. Rxg7+ Kh8 33. Bg1 Qc1
34. Rg5 Nf2+ 35. Kh2 Qf4+ 36. g3 Ng4+ 37. Qxg4 Qd2+ 38. Kh3 hxg5 39. Qh5+ Kg8
40. Qxg5+ Qxg5 41. hxg5 Rd6 42. Kg4 Kh7 43. Be3 Kg6 44. Kf4 Rc6 45. g4 Kh7 46.
Ke4 Kg8 47. Kd4 Kf8 48. Bc1 Rd6+ 49. Ke5 Rd1 50. Ba3+ Ke8 51. Bb4 a5 52. Bc3
Rc1 53. Bd4 Re1+ 54. Kf4 Re2 55. a4 Re1 56. Bxb6 Rb1 57. Bxa5 Rxb3 58. Ke5 Ra3
59. g6 fxg6 60. Kxe6 Re3+ 61. Kd5 Ra3 62. Bb6 Rxa4 63. g5 Ra2 64. Bd4 Kf7 65.
c5 Rg2 66. Be3 Re2 67. Bf4 Rf2 68. Be5 Rd2+ 69. Bd4 Rg2 70. c6 Rxg5+ 71. Kd6
Rg4 72. Bc5 Rh4 73. c7 Rh8 74. Kd7 g5 75. Be7 Ra8 76. c8=Q Rxc8 77. Kxc8 g4 78.
Kd7 g3 79. Bc5 1/2-1/2

[Event "DEM U18 2005"]
[Site "Willingen GER"]
[Date "2005.05.18"]
[Round "6"]
[White "Armbrust, Florian"]
[Black "Strohhäker, Raoul"]
[Result "1-0"]
[Termination "normal"]
[Board "4"]
[WhiteElo "2243"]
[BlackElo "2226"]
[PlyCount "63"]
[WhiteFideId "4691350"]
[BlackFideId "4687400"]
[EventCountry "GER"]
[EventRounds "9"]
[EventType "swiss"]
[EventDate "2005.05.15"]

1. e4 c5 2. Nf3 e6 3. c3 Nf6 4. e5 Nd5 5. d4 cxd4 6. cxd4 b6 7. Nc3 Nxc3 8.
bxc3 Qc7 9. Bd2 d6 10. Bd3 Nd7 11. O-O dxe5 12. Ng5 Bb7 13. Qh5 g6 14. Qh3 Be7
15. Rae1 Bd5 16. f4 e4 17. Bxe4 Bxe4 18. Rxe4 Nf6 19. Re3 Rd8 20. Rfe1 Rd7 21.
Nxf7 Kxf7 22. Qxe6+ Kf8 23. f5 g5 24. Bc1 Qd8 25. Rh3 Rg8 26. Rh6 Rd6 27. Qb3
Rg7 28. Ba3 Ng8 29. Rxe7 Nxh6 30. Re6 Nxf5 31. Qd5 Rf7 32. Qe5 1-0

[Event "DEM U18 2005"]
[Site "Willingen GER"]
[Date "2005.05.18"]
[Round "6"]
[White "Möller, Hendrik"]
[Black "Heinz, Axel"]
[Result "0-1"]
[Termination "normal"]
[Board "5"]
[WhiteElo "2180"]
[BlackElo "2354"]
[PlyCount "78"]
[WhiteFideId "24604917"]
[BlackFideId "4667557"]
[EventCountry "GER"]
[EventRounds "9"]
[EventType "swiss"]
[EventDate "2005.05.15"]

1. e4 c5 2. Nf3 a6 3. c3 d6 4. d4 Qc7 5. Be3 Nd7 6. Nbd2 Ngf6 7. Qb3 e6 8. a4
b6 9. Ng5 h6 10. Nh3 Be7 11. f3 Bb7 12. g4 Rc8 13. Nf2 Nb8 14. h4 g6 15. f4 Nc6
16. Be2 Nd7 17. h5 g5 18. fxg5 cxd4 19. cxd4 Bxg5 20. Rc1 Qd8 21. Kd1 Bxe3 22.
Qxe3 Qf6 23. Nc4 Ke7 24. e5 dxe5 25. Ne4 Qg7 26. Ncd6 Nxd4 27. Nxb7 Rxc1+ 28.
Kxc1 f5 29. gxf5 exf5 30. Nc3 Qg2 31. Rg1 Qxb7 32. Bc4 Kd8 33. Nd5 Qc6 34. b3
Qc5 35. Rg7 b5 36. Rxd7+ Kxd7 37. Qxe5 bxc4 38. Qg7+ Kd6 39. Qe7+ Kxd5 0-1

[Event "DEM U18 2005"]
[Site "Willingen GER"]
[Date "2005.05.18"]
[Round "6"]
[White "Krämer, Martin"]
[Black "Becker, Nils"]
[Result "1-0"]
[Termination "normal"]
[Board "6"]
[WhiteTitle "FM"]
[WhiteElo "2362"]
[BlackElo "2096"]
[PlyCount "74"]
[WhiteFideId "4671910"]
[BlackFideId "4695216"]
[EventCountry "GER"]
[EventRounds "9"]
[EventType "swiss"]
[EventDate "2005.05.15"]

1. e4 c5 2. Nf3 Nc6 3. Bb5 g6 4. Bxc6 dxc6 5. h3 Bg7 6. d3 Nf6 7. Nc3 Nd7 8.
Be3 e5 9. O-O Qe7 10. a3 Nf8 11. Qd2 h6 12. b4 Ne6 13. Na4 b6 14. Rfb1 f5 15.
Qd1 O-O 16. bxc5 b5 17. Nc3 Nd4 18. exf5 Bxf5 19. Nd2 Qxc5 20. Nde4 Qe7 21. Kh2
Rf7 22. Ng3 Be6 23. Nce4 Bd5 24. c3 Ne6 25. a4 a6 26. Qc2 Nf4 27. c4 bxc4 28.
dxc4 Be6 29. Nc5 Bc8 30. Qe4 Qc7 31. Ra2 Bf8 32. Rd2 Bxc5 33. Bxc5 Bf5 34. Nxf5
gxf5 35. Qc2 Rg7 36. g3 Ng6 37. Qxf5 Rf8 1-0

[Event "DEM U18 2005"]
[Site "Willingen GER"]
[Date "2005.05.18"]
[Round "6"]
[White "Trella, Thomas"]
[Black "Jahncke, Giso"]
[Result "1-0"]
[Termination "normal"]
[Board "7"]
[WhiteElo "2266"]
[BlackElo "1882"]
[PlyCount "84"]
[WhiteFideId "24620513"]
[BlackFideId "24608289"]
[EventCountry "GER"]
[EventRounds "9"]
[EventType "swiss"]
[EventDate "2005.05.15"]

1. e4 c5 2. Nc3 Nc6 3. Bb5 Nd4 4. Bc4 e6 5. Nge2 Nf6 6. O-O a6 7. d3 b5 8. Bb3
Nxb3 9. axb3 Bb7 10. f4 d5 11. e5 d4 12. exf6 dxc3 13. f5 Qxf6 14. bxc3 exf5
15. Ng3 g6 16. Re1+ Be7 17. Qe2 Bd5 18. Bf4 Qe6 19. Qd2 Qd7 20. c4 bxc4 21. Qc3
O-O 22. Bh6 f6 23. Bxf8 Bxf8 24. bxc4 Bf7 25. Rab1 Bg7 26. Rb6 Qd8 27. Qb2 f4
28. Ne2 f5 29. Qb1 g5 30. Rb7 Bh5 31. Qb6 Qe8 32. Qc7 Qe5 33. Kf1 Re8 34. Qxe5
Rxe5 35. Ra7 f3 36. gxf3 Re3 37. Ng1 Rxe1+ 38. Kxe1 a5 39. Kf2 Bd4+ 40. Kg2 g4
41. fxg4 Bxg4 42. Rxa5 Bd1 1-0

[Event "DEM U18 2005"]
[Site "Willingen GER"]
[Date "2005.05.18"]
[Round "6"]
[White "Igonin, Pavel"]
[Black "Behm, Simon"]
[Result "1-0"]
[Termination "normal"]
[Board "9"]
[WhiteElo "2176"]
[BlackElo "2214"]
[PlyCount "85"]
[BlackFideId "4691962"]
[EventCountry "GER"]
[EventRounds "9"]
[EventType "swiss"]
[EventDate "2005.05.15"]

1. d4 d5 2. Nf3 Nf6 3. Bf4 c6 4. e3 Bg4 5. h3 Bh5 6. c4 Nbd7 7. Nc3 e6 8. Be2
Be7 9. O-O O-O 10. a3 a5 11. Nd2 Bxe2 12. Qxe2 Qb6 13. b3 c5 14. Nb5 Rac8 15.
a4 Nb8 16. Rac1 Na6 17. Nf3 Rfd8 18. Rfd1 Ne4 19. Ne5 f6 20. Nd3 Nd6 21. Nb2
Nxb5 22. axb5 Nb4 23. Na4 Qa7 24. b6 Qa8 25. Bc7 Rd7 26. Nxc5 Bxc5 27. dxc5 Na6
28. cxd5 Nxc7 29. bxc7 exd5 30. Qf3 Rcxc7 31. Rxd5 Qd8 32. Rcd1 Rxd5 33. Rxd5
Qe7 34. Qd1 h6 35. Qd3 Kf7 36. Qb5 Qe4 37. Qxa5 Re7 38. Qd2 Qb1+ 39. Qd1 Qxd1+
40. Rxd1 Ke6 41. b4 Re8 42. Rd6+ Ke7 43. Rb6 1-0

[Event "DEM U18 2005"]
[Site "Willingen GER"]
[Date "2005.05.18"]
[Round "6"]
[White "Elstner, Eik"]
[Black "Skibbe, Willi"]
[Result "1/2-1/2"]
[Termination "normal"]
[Board "10"]
[WhiteElo "2095"]
[BlackElo "1934"]
[PlyCount "61"]
[WhiteFideId "24605581"]
[BlackFideId "4682190"]
[EventCountry "GER"]
[EventRounds "9"]
[EventType "swiss"]
[EventDate "2005.05.15"]

1. d4 d5 2. c4 e6 3. Nc3 Nf6 4. cxd5 exd5 5. Bg5 c6 6. e3 Bf5 7. Qb3 Qb6 8.
Qxb6 axb6 9. Bxf6 gxf6 10. Nf3 Nd7 11. Be2 Bd6 12. O-O b5 13. Nh4 Bg6 14. Bg4
Nb6 15. Nf5 Bc7 16. Rfc1 Bxf5 17. Bxf5 Bd6 18. b3 b4 19. Ne2 O-O 20. Rc2 Ra3
21. Re1 Na8 22. Nc1 Nc7 23. Bd3 Ne6 24. Rd2 Rfa8 25. Bb1 Nc7 26. Bd3 Ne6 27. f4
h5 28. h4 Ng7 29. Kf2 f5 30. Bb1 Kf8 31. Nd3 1/2-1/2

[Event "DEM U18 2005"]
[Site "Willingen GER"]
[Date "2005.05.18"]
[Round "6"]
[White "Laßan, Christian"]
[Black "Mijatovic, Vladimir"]
[Result "1-0"]
[Termination "normal"]
[Board "12"]
[WhiteElo "2065"]
[BlackElo "2181"]
[PlyCount "99"]
[WhiteFideId "4685997"]
[BlackFideId "934062"]
[EventCountry "GER"]
[EventRounds "9"]
[EventType "swiss"]
[EventDate "2005.05.15"]

1. e4 c5 2. Nf3 d6 3. c3 Nf6 4. Be2 Nbd7 5. d3 b6 6. O-O Bb7 7. Nbd2 e6 8. Re1
Be7 9. Bf1 Ne5 10. Nxe5 dxe5 11. Nf3 Qc7 12. Bg5 O-O 13. Rc1 Rfd8 14. Qc2 Rac8
15. Bh4 Rd7 16. Bg3 Bd6 17. h3 Qb8 18. Qb1 Bc7 19. b4 Nh5 20. Bh2 a6 21. bxc5
bxc5 22. Rc2 f6 23. Rb2 Ba5 24. Rc1 Qa8 25. Nd2 Bc6 26. Nc4 Bc7 27. Be2 g6 28.
f3 Bb5 29. Na3 Bc6 30. g3 Rf8 31. Kg2 Qa7 32. Bg1 f5 33. Nc4 f4 34. g4 Ng3 35.
Bd1 Bb5 36. Bb3 h5 37. a4 Bc6 38. Nd2 Kf7 39. Nf1 h4 40. Bc4 Ba8 41. Qa2 Re8
42. a5 Rd6 43. Rcb1 Nxf1 44. Kxf1 g5 45. Qa3 Rc6 46. Bb3 Rd8 47. Ke2 Bd6 48.
Qa2 Be7 49. Bc4 Rdc8 50. Rb6 1-0

[Event "DEM U18 2005"]
[Site "Willingen GER"]
[Date "2005.05.18"]
[Round "6"]
[White "Poysti, Nathanael"]
[Black "Schulz, Stefanie"]
[Result "1-0"]
[Termination "normal"]
[Board "13"]
[WhiteElo "2008"]
[BlackElo "2070"]
[PlyCount "101"]
[BlackFideId "4693060"]
[EventCountry "GER"]
[EventRounds "9"]
[EventType "swiss"]
[EventDate "2005.05.15"]

1. d4 Nf6 2. c4 c5 3. d5 e6 4. Nc3 exd5 5. cxd5 d6 6. e4 g6 7. Nf3 Bg4 8. Be2
Bg7 9. O-O O-O 10. Nd2 Bxe2 11. Qxe2 a6 12. a4 Nbd7 13. Nc4 Nb6 14. Na3 Re8 15.
Qc2 Nc8 16. Rb1 Rb8 17. Re1 b5 18. axb5 axb5 19. b4 Ng4 20. Ncxb5 cxb4 21. Rxb4
Nb6 22. Rf1 Rc8 23. Qd1 Nf6 24. Re1 Qe7 25. Bd2 Nfd7 26. Nd4 Nb8 27. Nf3 Qd8
28. Nb5 Rc4 29. Nbd4 Na6 30. Nc6 Qc7 31. Rxc4 Nxc4 32. Bf4 Nb8 33. Qb3 Ne5 34.
Bxe5 dxe5 35. Rc1 Bf8 36. Rc2 Qd6 37. Nd2 Nxc6 38. Rxc6 Rb8 39. Rxd6 Rxb3 40.
Rxg6+ hxg6 41. Nxb3 Bb4 42. Kf1 Kf8 43. Ke2 Ke7 44. Kd3 Kd6 45. Kc4 Be1 46. f3
Bf2 47. Kb5 Be3 48. Na5 Bd4 49. Nc4+ Kd7 50. h4 f6 51. g4 1-0

[Event "DEM U18 2005"]
[Site "Willingen GER"]
[Date "2005.05.18"]
[Round "6"]
[White "Lang, Henry"]
[Black "Kaufmann, Benjamin"]
[Result "1/2-1/2"]
[Termination "normal"]
[Board "14"]
[WhiteElo "1792"]
[BlackElo "1942"]
[PlyCount "160"]
[BlackFideId "24613525"]
[EventCountry "GER"]
[EventRounds "9"]
[EventType "swiss"]
[EventDate "2005.05.15"]

1. c4 e6 2. g3 Nf6 3. Bg2 d5 4. b3 Be7 5. Bb2 O-O 6. Nf3 b6 7. cxd5 exd5 8. O-O
Bb7 9. d4 c5 10. Nc3 Nc6 11. Rc1 cxd4 12. Nxd4 Nxd4 13. Qxd4 Bc5 14. Qd3 Qd7
15. Na4 Be7 16. Rfd1 Qe6 17. Rc7 Bc6 18. Bxf6 Qxf6 19. Rxc6 Qxc6 20. Bxd5 Qc8
21. Bxa8 Qxa8 22. Qa6 Rc8 23. f3 Rc7 24. Qd3 Qc6 25. Nb2 g6 26. Nc4 b5 27. Ne3
a6 28. Kg2 Qe6 29. Nd5 Rc6 30. e4 Bf6 31. f4 h6 32. e5 Be7 33. Qe4 Bf8 34. Rd2
Qc8 35. Re2 Rc1 36. Ne3 Bc5 37. Rc2 Rxc2+ 38. Nxc2 Be7 39. Ne3 Qc3 40. Nd5 Qb2+
41. Kh3 Bf8 42. Nf6+ Kg7 43. Qg2 Qb1 44. Qe2 Be7 45. Nd5 Bc5 46. Nc3 Qf5+ 47.
Kg2 Qd7 48. Ne4 Qd5 49. Qf3 Be7 50. g4 Qd4 51. Ng3 Qd2+ 52. Kh3 Qxa2 53. f5 Qb2
54. f6+ Bxf6 55. Qxf6+ Kg8 56. Qxa6 Qxb3 57. Qf6 b4 58. e6 Qxe6 59. Qxe6 fxe6
60. Ne4 Kf7 61. Kg3 e5 62. Kf3 Ke6 63. Ke3 Kd5 64. Nd2 h5 65. g5 Kc5 66. Ke4
Kd6 67. Nc4+ Ke6 68. Nxe5 b3 69. Nd3 Kd6 70. h4 Kc6 71. Ke5 Kb5 72. Kf6 Kc4 73.
Nb2+ Kc3 74. Kxg6 Kxb2 75. Kxh5 Kc3 76. g6 b2 77. g7 b1=Q 78. g8=Q Qe1 79. Qg5
Qe6 80. Qc1+ Kd4 1/2-1/2

[Event "DEM U18 2005"]
[Site "Willingen GER"]
[Date "2005.05.19"]
[Round "7"]
[White "Grimberg, Boris"]
[Black "Eisenbeiser, Amadeus"]
[Result "1/2-1/2"]
[Termination "normal"]
[Board "1"]
[BlackTitle "FM"]
[WhiteElo "2066"]
[BlackElo "2304"]
[PlyCount "122"]
[WhiteFideId "4697499"]
[BlackFideId "4678338"]
[EventCountry "GER"]
[EventRounds "9"]
[EventType "swiss"]
[EventDate "2005.05.15"]

1. d4 Nf6 2. Nf3 c5 3. d5 d6 4. c4 e6 5. Nc3 exd5 6. cxd5 g6 7. e4 Bg7 8. Bd3
O-O 9. O-O Bg4 10. h3 Bxf3 11. Qxf3 Nbd7 12. Bf4 Ne8 13. Qe2 Qe7 14. Rae1 a6
15. a4 Nc7 16. Bg3 Rae8 17. Kh1 Kh8 18. f4 f5 19. Qc2 Qf7 20. a5 fxe4 21. Bxe4
Nf6 22. f5 Nxe4 23. Nxe4 Qxd5 24. f6 Rxe4 25. Qxe4 Rxf6 26. Rxf6 Bxf6 27. Qf4
Kg7 28. Qxd6 Qxd6 29. Bxd6 Nd5 30. Be5 Nb4 31. Bxf6+ Kxf6 32. Kg1 Nd3 33. Re2
Ne5 34. Kf2 c4 35. Ke3 Nc6 36. Ke4 Ke6 37. Kf4+ Kf6 38. Re1 Nxa5 39. Ke4 h5 40.
Kd4 Kg5 41. Kc5 Kf4 42. Kb6 Nb3 43. Kxb7 Kg3 44. Re2 a5 45. Kc7 g5 46. Kd6 Nd4
47. Re5 Kf4 48. Rxa5 Nf5+ 49. Rxf5+ Kxf5 50. Kd5 Kf4 51. Kxc4 Kg3 52. b4 Kxg2
53. b5 Kxh3 54. b6 g4 55. b7 g3 56. b8=Q h4 57. Qb2 g2 58. Qc3+ Kh2 59. Qe5+
Kh1 60. Qe4 h3 61. Qf3 Kh2 1/2-1/2

[Event "DEM U18 2005"]
[Site "Willingen GER"]
[Date "2005.05.19"]
[Round "7"]
[White "Degtiarev, Jewgeni"]
[Black "Frübing, Stefan"]
[Result "0-1"]
[Termination "normal"]
[Board "2"]
[WhiteElo "2328"]
[BlackElo "2204"]
[PlyCount "68"]
[WhiteFideId "4149610"]
[BlackFideId "4682165"]
[EventCountry "GER"]
[EventRounds "9"]
[EventType "swiss"]
[EventDate "2005.05.15"]

1. e4 c5 2. Nf3 Nc6 3. d4 cxd4 4. Nxd4 g6 5. Nc3 Bg7 6. Be3 Nf6 7. f3 O-O 8.
Qd2 d5 9. Nxc6 bxc6 10. e5 Nd7 11. f4 e6 12. O-O-O f6 13. exf6 Qxf6 14. g4 c5
15. g5 Qf7 16. Nb5 Rb8 17. c3 Qe7 18. h4 Bb7 19. Rh2 Nb6 20. h5 a6 21. hxg6
axb5 22. Bxb5 hxg6 23. Bd3 Rf5 24. Qf2 Na4 25. Bc2 Bc6 26. Bxa4 Bxa4 27. Bxc5
Qc7 28. Rdh1 Rc8 29. Bd4 e5 30. Be3 d4 31. Bd2 e4 32. Qh4 dxc3 33. Qh7+ Kf8 34.
Bxc3 Qxf4+ 0-1

[Event "DEM U18 2005"]
[Site "Willingen GER"]
[Date "2005.05.19"]
[Round "7"]
[White "Feuerstack, Aljoscha"]
[Black "Krämer, Martin"]
[Result "1/2-1/2"]
[Termination "normal"]
[Board "3"]
[BlackTitle "FM"]
[WhiteElo "2209"]
[BlackElo "2362"]
[PlyCount "76"]
[WhiteFideId "4681932"]
[BlackFideId "4671910"]
[EventCountry "GER"]
[EventRounds "9"]
[EventType "swiss"]
[EventDate "2005.05.15"]

1. e4 c5 2. c3 Nf6 3. e5 Nd5 4. d4 cxd4 5. Nf3 Nc6 6. cxd4 d6 7. Bc4 Nb6 8. Bb5
dxe5 9. Nxe5 Bd7 10. Nxd7 Qxd7 11. Nc3 Rd8 12. a4 Nd5 13. O-O e6 14. Re1 Be7
15. Qf3 a6 16. Nxd5 Qxd5 17. Bxc6+ Qxc6 18. Qxc6+ bxc6 19. Bf4 Bd6 20. Bd2 Rb8
21. Bc3 Rg8 22. Kf1 Kd7 23. Ke2 Rgd8 24. Kd3 Be7 25. Rad1 Bf6 26. Ba5 Re8 27.
Bc3 Kc8 28. Kc2 Rd8 29. Rd3 Rd5 30. Red1 Kb7 31. Kb3 Rbd8 32. Kc4 Ka7 33. Bb4
Ka8 34. Bc5 Rb8 35. b4 Rb7 36. Rb3 Be7 37. Rdd3 Rbd7 38. Rbc3 Kb8 1/2-1/2

[Event "DEM U18 2005"]
[Site "Willingen GER"]
[Date "2005.05.19"]
[Round "7"]
[White "Heinz, Axel"]
[Black "Armbrust, Florian"]
[Result "1/2-1/2"]
[Termination "normal"]
[Board "4"]
[WhiteElo "2354"]
[BlackElo "2243"]
[PlyCount "109"]
[WhiteFideId "4667557"]
[BlackFideId "4691350"]
[EventCountry "GER"]
[EventRounds "9"]
[EventType "swiss"]
[EventDate "2005.05.15"]

1. e4 c5 2. Nf3 d6 3. d4 cxd4 4. Nxd4 Nf6 5. Nc3 Nc6 6. Bg5 e6 7. Qd2 Be7 8.
O-O-O Nxd4 9. Qxd4 O-O 10. f3 a6 11. h4 Qc7 12. g4 Rd8 13. Be3 b5 14. Qb6 Qb7
15. Rh2 Nd7 16. Qxb7 Bxb7 17. Rhd2 Ne5 18. Be2 Bc6 19. a3 a5 20. g5 b4 21. Nb1
d5 22. exd5 Bxd5 23. f4 Nc6 24. c4 Rdc8 25. a4 Be4 26. b3 e5 27. Bg4 Rf8 28.
Re1 f5 29. gxf6 Rxf6 30. fxe5 Nxe5 31. Bd4 Nd3+ 32. Rxd3 Bxd3 33. Rxe7 Rf1+ 34.
Kd2 Bxb1 35. Rxg7+ Kf8 36. Be6 Rd8 37. Bd5 Rf4 38. Rg8+ Ke7 39. Rg7+ Kd6 40.
Bb6 Rdf8 41. Bxa5 Rd4+ 42. Ke2 Re8+ 43. Kf3 Rd3+ 44. Kf4 Rxb3 45. Bc7+ Kc5 46.
Be5 Rxe5 47. Kxe5 Re3+ 48. Kf4 Ra3 49. Rb7 Rxa4 50. Ke5 Ra5 51. h5 Bc2 52. Rc7+
Kb6 53. Rb7+ Kc5 54. Rb8 b3 55. h6 1/2-1/2

[Event "DEM U18 2005"]
[Site "Willingen GER"]
[Date "2005.05.19"]
[Round "7"]
[White "Strohhäker, Raoul"]
[Black "Trella, Thomas"]
[Result "1/2-1/2"]
[Termination "normal"]
[Board "5"]
[WhiteElo "2226"]
[BlackElo "2266"]
[PlyCount "53"]
[WhiteFideId "4687400"]
[BlackFideId "24620513"]
[EventCountry "GER"]
[EventRounds "9"]
[EventType "swiss"]
[EventDate "2005.05.15"]

1. e4 e6 2. d4 d5 3. e5 c5 4. c3 Nc6 5. Nf3 Bd7 6. Be3 cxd4 7. cxd4 Qb6 8. Qd2
Bb4 9. Nc3 Rc8 10. Bd3 Na5 11. O-O Nc4 12. Bxc4 Rxc4 13. Rac1 Ne7 14. a3 Bxc3
15. Rxc3 Rxc3 16. Qxc3 O-O 17. Rc1 Rc8 18. Qd2 Rxc1+ 19. Qxc1 Qc6 20. Qxc6 Bxc6
21. Kf1 Bb5+ 22. Ke1 Nc6 23. Nd2 a5 24. Kd1 a4 25. Kc2 Bc4 26. Kc3 b5 27. g3
1/2-1/2

[Event "DEM U18 2005"]
[Site "Willingen GER"]
[Date "2005.05.19"]
[Round "7"]
[White "Mink, Jens"]
[Black "Hoffmann, Udo"]
[Result "1-0"]
[Termination "normal"]
[Board "6"]
[WhiteElo "2002"]
[BlackElo "2196"]
[PlyCount "91"]
[BlackFideId "24605735"]
[EventCountry "GER"]
[EventRounds "9"]
[EventType "swiss"]
[EventDate "2005.05.15"]

1. e4 c5 2. Nc3 e6 3. g3 d5 4. d3 Nf6 5. Bg2 Nc6 6. f4 dxe4 7. dxe4 Qxd1+ 8.
Nxd1 e5 9. Ne3 Bd6 10. Ne2 O-O 11. c3 Re8 12. f5 b6 13. g4 Ba6 14. Ng3 h6 15.
h4 Nd4 16. g5 hxg5 17. hxg5 Ng4 18. cxd4 exd4 19. Nxg4 Bxg3+ 20. Kd1 Bb7 21.
Rh3 Bd6 22. Nf2 Rad8 23. Bd2 c4 24. Ke2 f6 25. gxf6 d3+ 26. Kf3 Re5 27. Kg4 g6
28. Rah1 gxf5+ 29. Kg5 Kf7 30. Rh7+ Ke6 31. Bh3 Rg8+ 32. Rg7 Rxg7+ 33. fxg7 Kf7
34. Bxf5 Rxf5+ 35. exf5 Bxh1 36. Nxh1 Be5 37. Bc3 Bxc3 38. bxc3 b5 39. Kf4 b4
40. cxb4 d2 41. Nf2 c3 42. Ke3 d1=Q 43. Nxd1 c2 44. Kd2 cxd1=Q+ 45. Kxd1 Kxg7
46. Kc2 1-0

[Event "DEM U18 2005"]
[Site "Willingen GER"]
[Date "2005.05.19"]
[Round "7"]
[White "Laßan, Christian"]
[Black "Möller, Hendrik"]
[Result "1/2-1/2"]
[Termination "normal"]
[Board "7"]
[WhiteElo "2065"]
[BlackElo "2180"]
[PlyCount "43"]
[WhiteFideId "4685997"]
[BlackFideId "24604917"]
[EventCountry "GER"]
[EventRounds "9"]
[EventType "swiss"]
[EventDate "2005.05.15"]

1. e4 c5 2. Nf3 a6 3. c3 e6 4. d4 d5 5. e5 Bd7 6. Bd3 cxd4 7. Nxd4 Nc6 8. Nxc6
Bxc6 9. O-O Ne7 10. Nd2 Ng6 11. Nf3 Bc5 12. Qe2 O-O 13. Be3 Bxe3 14. Qxe3 Bb5
15. Bxb5 axb5 16. Nd4 Qb6 17. a3 Ne7 18. Nf5 Nc8 19. Ne7+ Kh8 20. Nxc8 Qxe3 21.
fxe3 Raxc8 22. Rf4 1/2-1/2

[Event "DEM U18 2005"]
[Site "Willingen GER"]
[Date "2005.05.19"]
[Round "7"]
[White "Skibbe, Willi"]
[Black "Igonin, Pavel"]
[Result "1-0"]
[Termination "normal"]
[Board "8"]
[WhiteElo "1934"]
[BlackElo "2176"]
[PlyCount "69"]
[WhiteFideId "4682190"]
[EventCountry "GER"]
[EventRounds "9"]
[EventType "swiss"]
[EventDate "2005.05.15"]

1. e4 c5 2. Nf3 e6 3. d4 cxd4 4. Nxd4 Nc6 5. Nc3 Qc7 6. Be3 a6 7. Qd2 Nf6 8. f3
Ne5 9. O-O-O Bb4 10. Kb1 O-O 11. Nb3 Nc4 12. Bxc4 Qxc4 13. Bd4 Be7 14. e5 Ne8
15. Ne4 f6 16. f4 d5 17. exf6 Nxf6 18. Nxf6+ Bxf6 19. Bxf6 Rxf6 20. g3 Bd7 21.
Rhe1 Be8 22. Re5 Bg6 23. Rde1 Rc8 24. Nd4 Kf7 25. b3 Qc7 26. f5 Bxf5 27. Nxf5
Rxf5 28. Rxf5+ exf5 29. Qxd5+ Kg6 30. Qe6+ Kg5 31. h4+ Kg4 32. Qe2+ Kxg3 33.
Rg1+ Kxh4 34. Qf2+ Kh3 35. Qg2+ 1-0

[Event "DEM U18 2005"]
[Site "Willingen GER"]
[Date "2005.05.19"]
[Round "7"]
[White "Behm, Simon"]
[Black "Dück, Stefan"]
[Result "1-0"]
[Termination "normal"]
[Board "10"]
[WhiteElo "2214"]
[BlackElo "2049"]
[PlyCount "63"]
[WhiteFideId "4691962"]
[BlackFideId "4681355"]
[EventCountry "GER"]
[EventRounds "9"]
[EventType "swiss"]
[EventDate "2005.05.15"]

1. d4 Nf6 2. c4 g6 3. Nf3 Bg7 4. e4 d6 5. Nc3 O-O 6. Be2 Bg4 7. Be3 Nfd7 8. Rc1
c5 9. d5 a6 10. Nd2 Bxe2 11. Qxe2 Qa5 12. Nb3 Qb4 13. Bd2 Nb6 14. Nd1 Qa4 15.
Qd3 N8d7 16. f4 Rfe8 17. O-O e6 18. dxe6 Rxe6 19. Bc3 Bxc3 20. Rxc3 Rae8 21.
Nf2 Qc6 22. Nd2 Na4 23. Rb3 Rb8 24. Qh3 Nf6 25. Qh4 Kg7 26. Rh3 Nxb2 27. f5
Ree8 28. Qh6+ Kg8 29. fxg6 fxg6 30. Ng4 Nh5 31. Rxh5 gxh5 32. Qg5+ 1-0

[Event "DEM U18 2005"]
[Site "Willingen GER"]
[Date "2005.05.19"]
[Round "7"]
[White "Becker, Nils"]
[Black "Elstner, Eik"]
[Result "1-0"]
[Termination "normal"]
[Board "11"]
[WhiteElo "2096"]
[BlackElo "2095"]
[PlyCount "53"]
[WhiteFideId "4695216"]
[BlackFideId "24605581"]
[EventCountry "GER"]
[EventRounds "9"]
[EventType "swiss"]
[EventDate "2005.05.15"]

1. e4 e5 2. Bc4 Nc6 3. Nf3 Bc5 4. O-O Nf6 5. d3 d6 6. c3 Bg4 7. Nbd2 Qd7 8. b4
Bb6 9. Re1 h6 10. Nf1 g5 11. h3 Bh5 12. Ng3 Bg6 13. Nh2 O-O-O 14. a4 a5 15. Qf3
Nh7 16. Be3 Bxe3 17. Qxe3 axb4 18. cxb4 Nxb4 19. Qa7 c5 20. Rab1 Rdf8 21. Rxb4
cxb4 22. Bb5 Qe6 23. Rc1+ Kd8 24. Ng4 Nf6 25. Nxf6 Qxf6 26. Qb8+ Ke7 27. Qc7+
1-0

[Event "DEM U18 2005"]
[Site "Willingen GER"]
[Date "2005.05.19"]
[Round "7"]
[White "Kaufmann, Benjamin"]
[Black "Jahncke, Giso"]
[Result "1/2-1/2"]
[Termination "normal"]
[Board "12"]
[WhiteElo "1942"]
[BlackElo "1882"]
[PlyCount "68"]
[WhiteFideId "24613525"]
[BlackFideId "24608289"]
[EventCountry "GER"]
[EventRounds "9"]
[EventType "swiss"]
[EventDate "2005.05.15"]

1. d4 g6 2. Nf3 Bg7 3. e4 d6 4. Bd3 a6 5. O-O b5 6. c3 Bb7 7. Re1 Nd7 8. a4
bxa4 9. Rxa4 Ngf6 10. Bg5 O-O 11. b4 c5 12. bxc5 dxc5 13. d5 Nb6 14. Ra3 c4 15.
Bf1 Nfd7 16. Nd4 Re8 17. Be3 e6 18. dxe6 fxe6 19. Nd2 Rc8 20. Qc2 Ne5 21. N2f3
Ng4 22. Bg5 Qd6 23. Ra2 Rc5 24. Qd2 Rf8 25. h3 Ne5 26. Rb2 Nxf3+ 27. Nxf3 Qxd2
28. Bxd2 Rb5 29. Rc2 e5 30. Be3 Bxe4 31. Bxb6 Bxc2 32. Bxc4+ Kh8 33. Bxb5 axb5
34. Nxe5 Rf5 1/2-1/2

[Event "DEM U18 2005"]
[Site "Willingen GER"]
[Date "2005.05.19"]
[Round "7"]
[White "Mijatovic, Vladimir"]
[Black "Poysti, Nathanael"]
[Result "0-1"]
[Termination "normal"]
[Board "13"]
[WhiteElo "2181"]
[BlackElo "2008"]
[PlyCount "150"]
[WhiteFideId "934062"]
[EventCountry "GER"]
[EventRounds "9"]
[EventType "swiss"]
[EventDate "2005.05.15"]

1. e4 e6 2. Nf3 d5 3. Nc3 Nf6 4. e5 Nfd7 5. d4 c5 6. dxc5 Nc6 7. Bf4 Nxc5 8.
Bd3 Be7 9. Bg3 O-O 10. O-O Bd7 11. Re1 Qb6 12. a3 Nxd3 13. Qxd3 Rac8 14. Ne2
Na5 15. b3 Bb5 16. Qd2 Bxe2 17. Rxe2 Rc7 18. Bf4 Rfc8 19. Be3 Qa6 20. Qd1 b5
21. Bd4 Nc6 22. Bb2 Qb6 23. Qd3 a5 24. Nd4 Nxd4 25. Bxd4 Bc5 26. Bb2 h6 27. Rf1
a4 28. b4 Bf8 29. Bd4 Qc6 30. c3 Qc4 31. Qe3 Qb3 32. Ra1 g6 33. f4 Be7 34. Kh1
Kg7 35. Qh3 h5 36. g4 Rxc3 37. Bxc3 Rxc3 38. Qg2 hxg4 39. Qxg4 d4 40. Rg2 Re3
41. Kg1 Qc3 42. Qd1 Bh4 43. Rc2 Qb3 44. Qxd4 Rd3 45. Qc5 Rf3 46. Rg2 Rxf4 47.
Qxb5 Rc4 48. Kh1 Rc2 49. Rxc2 Qxc2 50. Qb7 Qe2 51. b5 Be1 52. Qg2 Qxe5 53. Rb1
Ba5 54. Qb2 Bc3 55. Qc2 Qd5+ 56. Qg2 Qd3 57. Rf1 Qxb5 58. Qf3 Qd5 59. Qxd5 exd5
60. Rf3 d4 61. Kg2 f5 62. Kf1 Kf6 63. Kf2 Ke5 64. Ke2 Bb2 65. Kd2 g5 66. Kc2
Bc3 67. Kd3 Kd5 68. h3 f4 69. Ke2 Ke4 70. Rd3 Bb2 71. Rf3 Bc1 72. Rd3 Be3 73.
Rd1 f3+ 74. Kf1 d3 75. Rb1 d2 0-1